MARC

LEADER 00000nam0a2200000 4500
001 303252
005 20231102001602.0
035 |a (RuTPU)RU\TPU\book\328473 
090 |a 303252 
100 |a 20150901d1982 k y0rusy5003 ca 
101 0 |a rus 
102 |a RU 
105 |a a z 001zy 
200 1 |a Термодинамика окислительно-восстановительных процессов во флотационных системах  |f С. Б. Леонов, О. Н. Белькова  |g Иркутский политехнический институт (ИрПИ) 
210 |a Иркутск  |c Изд-во Иркутского ун-та  |d 1982 
215 |a 239 с.  |c ил. 
320 |a Библиогр.: с. 235-238 
606 1 |a Флотация  |x Физико-химические процессы  |2 stltpush  |3 (RuTPU)RU\TPU\subj\64018  |9 80948 
610 1 |a горное дело 
610 1 |a флотационные процессы 
610 1 |a термодинамика 
610 1 |a окислительно-восстановительные процессы 
610 1 |a сульфидные минералы 
610 1 |a гидрофобизация 
675 |a 622.765  |v 4 
700 1 |a Леонов  |b С. Б.  |g Сергей Борисович 
701 1 |a Белькова  |b О. Н.  |g Ольга Николаевна 
712 0 2 |a Иркутский политехнический институт (ИрПИ)  |c (1960-1993)  |2 stltpush  |3 (RuTPU)RU\TPU\col\233 
801 0 |a RU  |b RuMRKP  |c 19950704  |g psbo 
801 1 |a RU  |b 63413507  |c 20150901 
801 2 |a RU  |b 63413507  |c 20170816  |g RCR 
942 |c BK